<Die> Rentabilität des Initialkapitals. Replik zu den Anmerkungen von Günter Altrogge (ZfB 62.Jg. (1992), S.101-105).
Financovanie investícií ako faktor vplyvu investičného projektu. Alternatívne modality amortizácie (anuita, priebežné umorovanie, oddelené kontá). Porovnanie konečných hodnôt majetku a investičné projekty. Pravidlo akceptácie pri rentabilite počiatočného kapitálu. Vypovedacia schopnosť pojmu rentabi...
Salvato in:
| Autore principale: | |
|---|---|
| Natura: | Capitolo di libro |
| Lingua: | tedesco |
| Soggetti: | |
| Tags: |
Nessun Tag, puoi essere il primo ad aggiungerne!!
|
MARC
| LEADER | 00000naa a2200000 4500 | ||
|---|---|---|---|
| 001 | r009389 | ||
| 005 | 20221130113410.5 | ||
| 041 | 0 | |a ger | |
| 044 | |a DE | ||
| 245 | 1 | 0 | |a <Die> Rentabilität des Initialkapitals. |b Replik zu den Anmerkungen von Günter Altrogge (ZfB 62.Jg. (1992), S.101-105). |c R. Schirmeister |
| 520 | |a Financovanie investícií ako faktor vplyvu investičného projektu. Alternatívne modality amortizácie (anuita, priebežné umorovanie, oddelené kontá). Porovnanie konečných hodnôt majetku a investičné projekty. Pravidlo akceptácie pri rentabilite počiatočného kapitálu. Vypovedacia schopnosť pojmu rentability počiatočného kapitálu. | ||
| 610 | 2 | 0 | |a financovanie investícií |
| 610 | 2 | 0 | |a rentabilita |
| 610 | 2 | 0 | |a projekty |
| 610 | 2 | 0 | |a kapitál |
| 610 | 2 | 0 | |a odpisy |
| 100 | 1 | |a Schirmeister, R. | |